Монгол ардын домог (Бичлэгийн дугаар. 67384)

MARC дэлгэрэнгүй
000 -Удирдлага
Ном зүйн бүртгэл тоо буюу кодлох утгыг агуулсан 01401 a2200217 4500
003 - ХЯНАЛТЫН ТОО ТОДОРХОЙЛОГЧ
Код MN-UlNLM
005 - ХАМГИЙН СҮҮЛИЙН ҮЕИЙН ХЭЛЦЛИЙН ОГНОО БА ЦАГ
Тухайн бичилтийг бичсэн засварласан сүүлийн огноо. 20220726110125.0
008 - ЕРӨНХИЙ МЭДЭЭЛЭЛ-ЭЛЕМЕНТҮҮДИЙН ӨГӨГДЛИЙН УРТ
fixed length control field a130t2007 mp ||||| |||| 00| 0 mon d
040 ## - ЭХ СУРВАЛЖИЙГ ТОДОРХОЙЛОН БИЧИХ
Анхны каталогийн байгууллага Монгол Улсын Үндэсний номын сан
084 ## - БУСАД АНГИЛЛЫН ДУГААР
Анги 82.3(5Мон)
Ангиллын нэр Номын сан номзүйн ангилал
Зохиогчийн 3-н тэмдэгт М 692
Шинжлэх ухааны мэдлэгийн салбар Ардын аман зохиол, утга зохиол - 82
245 0# - ҮНДСЭН ГАРЧИГ
Гарчиг Монгол ардын домог
260 1# - ГАРАЛТЫН ТУХАЙ МЭДЭЭ
Хэвлэгдсэн газар УБ
Хэвлэлийн газар Их билигт
Хэвлэгдсэн он 2007
300 ## - ТООНЫ МЭДЭЭ
Хуудасны тоо 119х
490 ## - БОТИЙН/ЦУВРАЛЫН ТУХАЙ МЭДЭЭ
Ботийн/Цувралын нэр Түүхэн домог
Ботийн/Цувралын дугаар Цувр. 1
546 ## - ХЭЛНИЙ ТУХАЙ МЭДЭЭ
Хэл
653 ## - ТҮЛХҮҮР ҮГС
Түлхүүр үг Ардын аман зохиол, утга зохиол
-- Монгол ардын аман зохиол
740 ## - НОМЫН АГУУЛГЫН ГАРЧИГ
Номын гарчгууд Автай сайн хаан.
-- Сайхан Дондовын домог.
-- Дархад нутгийн домгоос.
-- Амарсанаа, Чингүнжав нарын тухай домог.
-- Халхын дөрвөн хан цол авсан нь.
-- Бүүвэй баатрын домог.
-- Хишигбат заргач.
-- Ундрах захирагч.
-- Хялар хатны домог.
-- Ашиг зангийн домог.
-- Бааштай хүн.
-- Цэцэн хүү хэрэг шийдсэн нь.
-- Алтай хангай нутагтай.
-- Алтай хангай нутагтай Арын бүдүүн хар домог.
-- Үнэний тухай домог.
-- Дөрвөлжин бурам.
-- Сувдан гутал.
856 ## - ЭЛЕКТРОН БАЙРЛАЛ БА ХОЛБООС
Төрөл Хэвлэмэл ном
942 ## - ЭЛЕМЕНТИЙН ТӨРӨЛ
Төрөл Ном
Захиалгууд
Буцаан татагдсан төлөв Хасагдсан шалтгаан Гэмтсэн төлөв Данс заагч Захиалах боломжгүй Үндсэн номын сан Одоогийн байршил Салбар танхим Сан хөмрөг 5 Бүртгэсэн огноо Тавиурын заалт Баркод Үнэ Хамгийн сүүлд байсан огноо Салбар Нийт уншлаганд гарсан тоо Хамгийн сүүлд уншлаганд гарсан огноо Төрөл
          МУҮНомын сан салбар МУҮНомын сан салбар МУҮНС салбар | Язгуур танхим 8 давхар МУҮНС салбар | Язгуур танхим 8 давхар 2021-09-01 77040 02077040 2500.00 2025-01-23 0000020770 6 2025-01-23 Ном
          МУҮНомын сан салбар МУҮНомын сан салбар МУҮНС салбар | Язгуур танхим 8 давхар МУҮНС салбар | Язгуур танхим 8 давхар 2021-09-01 77041 02077041 2500.00 2021-09-01 0000020770 2 2019-12-13 Ном